Library Banner

Blind justice (Record no. 80735)

MARC details
000 -LEADER
fixed length control field 00370nam a22001457a 4500
005 - DATE AND TIME OF LATEST TRANSACTION
control field 20160503095148.0
008 - FIXED-LENGTH DATA ELEMENTS--GENERAL INFORMATION
fixed length control field 151208b xxu||||| |||| 00| 0 eng d
040 ## - CATALOGING SOURCE
Transcribing agency PK-LaUMT
082 ## - DEWEY DECIMAL CLASSIFICATION NUMBER
Classification number MSC 345.0795491
Item number BAS-B
100 ## - MAIN ENTRY--PERSONAL NAME
Personal name Bashir Riaz
245 ## - TITLE STATEMENT
Title Blind justice
Statement of responsibility, etc Bashir Riaz
260 ## - PUBLICATION, DISTRIBUTION, ETC. (IMPRINT)
Place of publication, distribution, etc Islamabad
Name of publisher, distributor, etc Musawaat publications
Date of publication, distribution, etc 2002
300 ## - PHYSICAL DESCRIPTION
Extent 306 p.
942 ## - ADDED ENTRY ELEMENTS (KOHA)
Koha item type Books
Holdings
Withdrawn status Lost status Damaged status Home library Current library Date acquired Full call number Barcode Date last seen Price effective from Koha item type
      UMT Main Campus UMT Main Campus 2015-12-08 MSC 345.0795491 BAS-B 95742 2015-12-08 2015-12-08 Books